• 首页
  • 本馆介绍
  • 公告通知
  • 最新文献
  • 馆藏检索
  • 电子资源
  • 读者导购
  • 参考咨询
  • 我的图书馆
  • 登录
  • 详细信息显示
  • 放入我的书架
  • 预约/预借图书
  • 作者相关作品
  • 分类相关作品
  • 丛书相关作品
  • 出版社相关作品

书目信息

  • 表格格式
  • 工作单格式
  • 卡片格式
题名:
英语教师用书
    
 
作者: ;高等教育出版社 组编
分册: 1   基础模块
出版信息: 北京   高等教育出版社  2022.09
页数: 182页
开本: 30cm
丛书名:
单 册:
中图分类: G633.413
科图分类:
主题词: 英语课--中等专业学校--教学参考资料
电子资源:
ISBN: 978-7-04-056771-7
000 00882nam0 2200241 450
001 012001000142
005 20221207143752.10
010    @a978-7-04-056771-7@dCNY29.50
100    @a20220905d2021 em y0chiy50 ea
101 0  @achi@aeng
102    @aCN@b110000
105    @aa z 000yy
106    @ar
200 1  @a英语教师用书@Aying yu jiao shi yong shu@h1@i基础模块@f高等教育出版社教材发展研究所组编
210    @a北京@c高等教育出版社@d2022.09
215    @a182页@c图@d30cm
300    @a中等职业学校公共基础课程配套教学用书
330    @a本书共分为八个单元,每个单元包含“教学目标”“教学要求”“教学建议”三个部分。
606 0  @a英语课@x中等专业学校@j教学参考资料
690    @aG633.413@v5
711 02 @a高等教育出版社@Agao deng jiao yu chu ban she jiao cai fa zhan yan jiu suo@b教材发展研究所@4组编
801  0 @aCN@bAHXH@c20221111
905    @b1363818-22@dG633.413@e1026:1@f5
    
    英语教师用书.1.基础模块/高等教育出版社教材发展研究所组编.-北京:高等教育出版社,2022.09
    182页:图;30cm
    中等职业学校公共基础课程配套教学用书
    
    ISBN 978-7-04-056771-7:CNY29.50
    本书共分为八个单元,每个单元包含“教学目标”“教学要求”“教学建议”三个部分。
●
相关链接 在E读中查询图书 在五车中查询图书 在当当中查询图书 在豆瓣中查询图书


正题名:英语教师用书     索取号:G633.413/1026:1         预约/预借

序号 登录号 条形码 馆藏地/架位号 状态 备注
1 1363818   213638189   第一样本阅览室/ [索取号:G633.413/1026:1] 在馆    
2 1363819   213638198   教育系资料室/ [索取号:G633.413/1026:1] 在馆    
3 1363820   213638205   教育系资料室/ [索取号:G633.413/1026:1] 在馆    
4 1363821   213638214   第四借阅区/ [索取号:G633.413/1026:1] 在馆    
5 1363822   213638223   第四借阅区/ [索取号:G633.413/1026:1] 在馆    
唐山师范学院图书馆 欢迎您!
大连网信软件有限公司© 版权所有